书目信息 |
| 题名: |
园林植物病理学
|
|
| 作者: | 朱天辉 | |
| 分册: | ||
| 出版信息: | 北京 中国农业出版社 2003 |
|
| 页数: | 361 | |
| 开本: | 23cm | |
| 丛书名: | ||
| 单 册: | ||
| 中图分类: | S432.1 | |
| 科图分类: | ||
| 主题词: | 植物--病虫害 , 植物--病虫害防治方法 | |
| 电子资源: | ||
| ISBN: | 7-109-08036-6 | |
| 000 | 00549nam0 2200193 450 | |
| 001 | 0741144344 | |
| 005 | 20070817112544.34 | |
| 010 | @a7-109-08036-6@d¥30.70 | |
| 100 | @a20070817d km y0chiy0120 ea | |
| 101 | 0 | @achi |
| 200 | 1 | @a园林植物病理学@Ayuan lin zhi wu bing li xue@f朱天辉@Fzhu tian hui |
| 210 | @a北京@c中国农业出版社@d2003 | |
| 215 | @a361@c插图@d23cm | |
| 606 | 0 | @a植物@x病虫害 |
| 606 | 0 | @a植物@x病虫害防治方法 |
| 690 | @aS432.1@v3 | |
| 701 | 0 | @a朱天辉@Azhu tian hui |
| 801 | 0 | @aCN@bPFT@c20070817 |
| 905 | @a213230@dS432.1@en3@f1 | |
| 园林植物病理学/朱天辉.-北京:中国农业出版社,2003 |
| 361:插图;23cm |
| ISBN 7-109-08036-6:¥30.70 |
| ● |
| 相关链接 |
|
|
|
|
正题名:园林植物病理学
索取号:S432.1/n3
 
预约/预借
| 序号 | 登录号 | 条形码 | 馆藏地/架位号 | 状态 | 备注 |
| 1 | 6601429 | 266014298 | 密集书库-生命科学系/ [索取号:S432.1/n3] | 在馆 |